00406nam a2200121Ia 4500008004100000024001500041082001800056100002300074245010300097260002500200600002100225650003800246250506s9999 xx 000 0 und d a11B-026-BS a005.43072 OSA aS. M. Osama Farooq 0aEfficient System for Restraining Criminal Activities (Prison Office Management Information System) aKarachi:bUIT,c2011 aComputer Science aBachelor of Computer Science (BS)